000 00587nam a2200217Ia 4500
005 20240322085737.0
008 131103s9999 xx 000 0 und d
020 _a534099785
040 _aLoreto College
041 _aEnglish
082 _a150.287
_bSAX
100 _aSax, Gilbert
245 _aPrinciples of Educational and Psychological Measurement and Evaluation
_cGilbert Sax
250 _a3rd ed.
260 _aCalifornia
_bWadsworth
_c1989
300 _axix,678p.
504 _aIncludes bibliography & index
650 _aPsychology
850 _aLCBED
942 _cBK
999 _c27457
_d77936